| 000 | 01443 a2200193 4500 | ||
|---|---|---|---|
| 001 | 59417 | ||
| 005 | 20260407155848.0 | ||
| 008 | 260407a1968 arg spa d | ||
| 003 | AR-UNSa-BCEJYS | ||
| 040 |
_aAR-UNSa-BCEJYS _bspa _cAR-UNSa-BCEJYS |
||
| 080 |
_a338.1(8) _xSituación económica. Ciclos. Desarrollo de la estructura económica en América del sur. Estados y regiones de América del sur. América latina. Iberoamérica |
||
| 245 | 1 | 0 | _aLa república Dominicana y la integración económica de América Latina |
| 264 | 1 |
_aBuenos Aires : _bBID/INTAL (Banco Interamericano de Desarrollo. Instituto para la integración de América Latina) _c1968 |
|
| 300 |
_a269 p. _c23 cm. |
||
| 505 | _a1. Observaciones preliminares – 2. El desarrollo económico de la República Dominicana. Los problemas de base – 3. El sector externo de la economía dominicana. Su estructura e instituciones – 4. Las ventajas generales de la integración económica y el caso de la República Dominicana – 5. Posibilidades, problemas y limitaciones de una mayor relación entre la República Dominicana y Haití – 6. Las relaciones económicas de la República Dominicana con el área del Caribe – 7. La aproximación de la República Dominicana al Mercado Común Centroamericano – 8. La República Dominicana ante la ALALC – 9. Resumen y conclusiones | ||
| 942 | _cBK | ||
| 590 | _aniveau_biblio:m niveau_hierar:0 | ||
| 100 | 1 | _aTamames, Ramón | |
| 999 |
_c6672 _d6672 |
||